Rules & guidelines to the test of professional competence for registration as property managers

Bibliographic Details
Main Author: Board of Valuers, Appraisers and Estate Agents Malaysia
Format: Book
Language:English
Published: Kuala Lumpur : Board of Valuers, Appraisers and Estate Agents Malaysia 2019
Subjects:

MARC

LEADER 00000cam a2200000 7i4500
001 0000028857
005 20201008.0
008 200603 my eng
040 |a INS   |b eng   |e rda 
090 0 0 |a KPG1092.A9   |b B63 .L45 2018 
100 0 |a Board of Valuers, Appraisers and Estate Agents Malaysia 
245 1 0 |a Rules & guidelines to the test of professional competence for registration as property managers   |c The Board of Valuers, Appraisers and Estate Agents Malaysia 
264 1 |a Kuala Lumpur :   |b Board of Valuers, Appraisers and Estate Agents Malaysia   |c 2019 
300 |a 26 pages ;   |c 30 cm. 
336 |a text  |2 rdacontent 
337 |a unmediated  |2 rdamedia 
338 |a volume  |2 rdacarrier 
650 0 |a Real estate agents   |z Malaysia   |x Examinations, questions, etc. 
650 0 |a Real estate appraisers   |x Certification   |z Malaysia 
650 0 |a Real property   |x Valuation   |x Examinations, questions, etc. 
999 |a 1000003938   |b BOOK   |c Open Shelf   |e Default branch